Central Library OPAC University of Rajshahi

কমলে কামিনী নাটক / (Record no. 48405)

MARC details
000 -LEADER
fixed length control field 01056nam a22002657a 4500
001 - CONTROL NUMBER
control field 48405
003 - CONTROL NUMBER IDENTIFIER
rucl marc code BD-RjUL
005 - DATE AND TIME OF LATEST TRANSACTION
control field 20211209054523.0
008 - FIXED-LENGTH DATA ELEMENTS--GENERAL INFORMATION
fixed length control field 160814s1961 ii ||||| |||| 00| 0 ben d
020 ## - INTERNATIONAL STANDARD BOOK NUMBER
Terms of availability : IRs 2.00
035 ## - SYSTEM CONTROL NUMBER
System control number (BD-RjUL)48524
040 ## - CATALOGING SOURCE
Original cataloging agency BD-RjUL
Language of cataloging ben
Transcribing agency BD-RjUL
041 ## - LANGUAGE CODE
Language code of text/sound track or separate title ben
082 ## - DEWEY DECIMAL CLASSIFICATION NUMBER
Edition number 23
Classification number 891.442
Author mark and year MIK 1961
100 ## - MAIN ENTRY--PERSONAL NAME
Personal name মিত্র, দীনবন্ধু
9 (RLIN) 146456
245 10 - TITLE STATEMENT
Title কমলে কামিনী নাটক /
Statement of responsibility, etc. দীনবন্ধু মিত্র
250 ## - EDITION STATEMENT
Edition statement পরিষৎ সং
260 ## - PUBLICATION, DISTRIBUTION, ETC. (IMPRINT)
Place of publication, distribution, etc. কলিকাতা :
Name of publisher, distributor, etc. বঙ্গীয় সাহিত্য,
Date of publication, distribution, etc. ১৯৬১
300 ## - PHYSICAL DESCRIPTION
Pagination বিভিন্ন পৃ. ;
Size ২১ সেমি.
650 ## - SUBJECT ADDED ENTRY--TOPICAL TERM
Topical term or geographic name as entry element বাংলা নাটক
9 (RLIN) 146457
Topical term or geographic name as entry element Bengali Drama
9 (RLIN) 146458
700 ## - ADDED ENTRY--PERSONAL NAME
Personal name বন্দোপাধ্যায়, ব্রজেন্দ্রনাথ, সম্পাদক
Personal name দাস, সজনীকান্ত, সম্পাদক
942 ## - ADDED ENTRY ELEMENTS (KOHA)
Source of classification or shelving scheme Dewey Decimal Classification
Koha item type Books
Holdings
Lost status Source of classification or shelving scheme Damaged status Not for loan Collection code Permanent Location Current Location Shelving location Date acquired Source of acquisition Cost, normal purchase price Total Checkouts Full call number Date last seen Date checked out Copy number Koha item type
  Dewey Decimal Classification     Non-fiction Central Library, University of Rajshahi Central Library, University of Rajshahi   28/11/1978 Kolikata, India International 26.00 2 B 891.442 MIK 1961 25/08/2025 10/08/2025 C-2 Books